| 000 | 01468nam0a2200349 4500 | ||
|---|---|---|---|
| 001 | RU\NLR\BIBL_A\022648587 | ||
| 005 | 20260420055116.0 | ||
| 010 |
_a978-5-8354-2114-5 _9200 |
||
| 021 |
_aRU _bКН-П-25-053499 _9КН-П-25-5160 |
||
| 035 | _a(NLR Aleph) 022648587 | ||
| 090 |
_a13685629 _c13685629 |
||
| 100 | _a20251021d2025 k y0rusy50 ca | ||
| 101 | 0 | _arus | |
| 102 | _aRU | ||
| 105 | _ay z 000yy | ||
| 181 | 0 |
_ai4 _baxxe |
|
| 182 | 0 | _an | |
| 200 | 1 |
_aКомпетенция третейского суда _eобщая характеристика и арбитрабельность споров _eмонография _fВ. Д. Туктамышев |
|
| 203 |
_aТекст _bвизуальный _cнепосредственный |
||
| 210 |
_aМосква _cСтатут _d2025 |
||
| 215 |
_a262, [1] с. _d22 |
||
| 300 | _aНа обороте тит. с. авт.: Туктамышев В. Д. - канд. юрид. наук, доц. | ||
| 320 | _aБиблиогр.: с. 238-263 и в подстроч. примеч. | ||
| 606 | 1 |
_aТретейские суды _91477940 _3RU\NLR\AUTH\66319705 |
|
| 606 | 1 |
_aПравовые конфликты _xРазрешение _92292977 _3RU\NLR\AUTH\6601600470 |
|
| 686 | 1 | _aХ629.222 | |
| 686 | 1 | _aХ892.189.4 | |
| 700 | 1 |
_aТуктамышев _bВ. Д. _gВладислав Дмитриевич |
|
| 942 | _cBOOK | ||
| 980 | _aNB | ||